[Event "URS-chT Republics 12th final A"]
[Site "Moscow"]
[Date "1972.03.11"]
[Round "4"]
[White "Savon, Vladimir A"]
[Black "Kortschnoj, Viktor Lvovich"]
[Result "1-0"]
[WhiteElo "2595"]
[BlackElo "2640"]
[PlyCount "137"]
[EventDate "1972.03.??"]
[EventType "team-tourn"]
[EventRounds "4"]
[EventCountry "URS"]
[SourceTitle "EXT 2020"]
[Source "ChessBase"]
[SourceDate "2019.10.17"]
[SourceVersion "1"]
[SourceVersionDate "2019.10.17"]
[SourceQuality "1"]
[WhiteTeam "Ukraine"]
[BlackTeam "Leningrad"]
[WhiteTeamCountry "UKR"]
[BlackTeamCountry "RUS"]

1. Nf3 d5 2. c4 d4 3. g3 g6 4. b4 Bg7 5. d3 b6 6. Bg2 Bb7 7. O-O Nf6 8. Bb2 c5
9. bxc5 bxc5 10. Nbd2 Qc7 11. Rb1 O-O 12. Bc1 Bc6 13. Nb3 Nbd7 14. Bf4 Qd8 15.
Qc1 Ne8 16. Qa3 e5 17. Bd2 Rc8 18. Na5 Ba8 19. Nb7 Qe7 20. Qxa7 Ndf6 21. Qa6 e4
22. Ng5 exd3 23. exd3 Qe2 24. Bf4 h6 25. Ne4 Nxe4 26. Bxe4 g5 27. Be5 Nc7 28.
Bxc7 Rxc7 29. Qb6 Rfc8 30. Rb2 Qg4 31. a4 Qd7 32. a5 Bf8 33. a6 Re8 34. Bd5
Rcc8 35. Rb5 Qf5 36. Be4 Rxe4 37. dxe4 Qxe4 38. Rbb1 Rc6 39. Qb5 Qg6 40. Ra1
Kg7 41. Rfe1 Rb6 42. Qd7 Rxa6 43. Rxa6 Qxa6 44. Nd8 Qxc4 45. Ne6+ Kg8 46. Nxf8
Qc3 47. Qe8 Qf3 48. Nd7+ Kg7 49. Qe5+ Kg6 50. Nf8+ Kh5 51. g4+ Qxg4+ 52. Qg3
Qf5 53. f3 Qxf3 54. Qxf3+ Bxf3 55. Kf2 Bg4 56. Re7 d3 57. Ke3 f5 58. Kxd3 f4
59. Nd7 Kh4 60. Ne5 c4+ 61. Ke4 Bd1 62. Rd7 Bc2+ 63. Kf3 c3 64. Rc7 Bd1+ 65.
Kg2 c2 66. Nf3+ Kh5 67. Rc5 Kg4 68. h3+ Kh5 69. Rc6 1-0

[Event "URS-chT Cup 08th"]
[Site "Moscow"]
[Date "1974.08.27"]
[Round "6"]
[White "Savon, Vladimir A"]
[Black "Gutman, Lev"]
[Result "1-0"]
[WhiteElo "2575"]
[BlackElo "2385"]
[PlyCount "61"]
[EventDate "1974.08.20"]
[EventType "team-tourn"]
[EventRounds "9"]
[EventCountry "URS"]
[SourceTitle "EXT 2020"]
[Source "ChessBase"]
[SourceDate "2019.10.17"]
[SourceVersion "1"]
[SourceVersionDate "2019.10.17"]
[SourceQuality "1"]
[WhiteTeam "Soviet Army"]
[BlackTeam "Daugava"]
[WhiteTeamCountry "URS"]
[BlackTeamCountry "URS"]

1. d4 Nf6 2. c4 g6 3. g3 Bg7 4. Bg2 d5 5. cxd5 Nxd5 6. e4 Nb6 7. Ne2 O-O 8. O-O
e6 9. Na3 Qe7 10. Be3 Bd7 11. Rc1 Na6 12. Nc3 Rfd8 13. e5 Bc6 14. Bxc6 bxc6 15.
Ne4 h6 16. Rxc6 Nb4 17. Rc5 N6d5 18. Nc2 Rab8 19. Nxb4 Rxb4 20. Qc2 Rdb8 21. b3
R4b5 22. Rxb5 Rxb5 23. Nc3 Nxc3 24. Qxc3 Rd5 25. Rc1 c5 26. dxc5 Bxe5 27. Qc4
a5 28. c6 Bc7 29. Bf4 Rd8 30. Bxc7 Qxc7 31. a3 1-0

[Event "URS-chT Republics 13th final A"]
[Site "Riga"]
[Date "1975.07.??"]
[Round "5"]
[White "Savon, Vladimir A"]
[Black "Furman, Semen Abramovich"]
[Result "1-0"]
[WhiteElo "2575"]
[BlackElo "2560"]
[PlyCount "49"]
[EventDate "1975.07.??"]
[EventType "team-tourn"]
[EventRounds "4"]
[EventCountry "URS"]
[SourceTitle "EXT 2020"]
[Source "ChessBase"]
[SourceDate "2019.10.17"]
[SourceVersion "1"]
[SourceVersionDate "2019.10.17"]
[SourceQuality "1"]
[WhiteTeam "Ukraine"]
[BlackTeam "Leningrad"]
[WhiteTeamCountry "UKR"]
[BlackTeamCountry "RUS"]

1. e4 e5 2. Nf3 Nc6 3. Bb5 a6 4. Ba4 Nf6 5. O-O Be7 6. Bxc6 dxc6 7. Re1 Bg4 8.
h3 Bh5 9. d3 Nd7 10. Nbd2 f6 11. Nf1 Nc5 12. Ng3 Bxf3 13. Qxf3 O-O 14. Qg4 Rf7
15. f4 exf4 16. Bxf4 Bd6 17. Bxd6 cxd6 18. d4 Na4 19. Nf5 Kh8 20. e5 fxe5 21.
dxe5 dxe5 22. Rxe5 Qd7 23. Rd1 Qc7 24. Rde1 Qd7 25. Re7 1-0

[Event "URS-chT Republics 13th Group3"]
[Site "Riga"]
[Date "1975.07.??"]
[Round "1"]
[White "Rytov, Boris"]
[Black "Savon, Vladimir A"]
[Result "0-1"]
[WhiteElo "2480"]
[BlackElo "2575"]
[PlyCount "112"]
[EventDate "1975.07.15"]
[EventType "team-tourn"]
[EventRounds "5"]
[EventCountry "URS"]
[SourceTitle "EXT 2020"]
[Source "ChessBase"]
[SourceDate "2019.10.17"]
[SourceVersion "1"]
[SourceVersionDate "2019.10.17"]
[SourceQuality "1"]
[WhiteTeam "Estonia"]
[BlackTeam "Ukraine"]
[WhiteTeamCountry "EST"]
[BlackTeamCountry "UKR"]

1. Nf3 Nf6 2. c4 g6 3. Nc3 d5 4. cxd5 Nxd5 5. Qa4+ Bd7 6. Qh4 Bc6 7. a3 Bg7 8.
Nxd5 Qxd5 9. e3 Bb5 10. Qg5 e5 11. Bxb5+ Qxb5 12. a4 Qd5 13. O-O Nc6 14. d4 Rd8
15. e4 Qxe4 16. Re1 Qc2 17. Bf4 O-O 18. dxe5 Nd4 19. Nxd4 Rxd4 20. g3 Rxa4 21.
Rxa4 Qxa4 22. Qe7 Qb5 23. Rd1 Qxb2 24. Qxc7 Qb3 25. Rd7 b5 26. Qxa7 Bxe5 27.
Bxe5 Qb1+ 28. Kg2 Qe4+ 29. Kg1 Qxe5 30. Re7 Qd6 31. Rd7 Qe5 32. Re7 Qf6 33. Qb7
Rd8 34. Re4 Qf5 35. Re1 h5 36. h4 Kg7 37. Qc7 Rc8 38. Qd6 Qf6 39. Qd3 b4 40.
Rb1 Rc3 41. Qd1 Qb6 42. Kg2 Qc6+ 43. Kh2 Qe4 44. Rb2 Rc4 45. Rd2 Qe5 46. Kg2
Rc3 47. Re2 Qf6 48. Kh2 b3 49. Qb1 Qd4 50. Qa1 Rd3 51. Qb1 Kh7 52. Qb2 Qxb2 53.
Rxb2 Kg7 54. Kg2 Kf6 55. Re2 Rc3 56. Kf1 Rc2 0-1

[Event "Dubna"]
[Site "Dubna"]
[Date "1976.??.??"]
[Round "?"]
[White "Savon, Vladimir A"]
[Black "Lutikov, Anatoly S"]
[Result "1-0"]
[WhiteElo "2545"]
[BlackElo "2500"]
[PlyCount "77"]
[EventDate "1976.??.??"]
[EventType "tourn"]
[EventRounds "15"]
[EventCountry "URS"]
[SourceTitle "EXT 1999"]
[Source "ChessBase"]
[SourceDate "1998.11.16"]
[SourceVersion "1"]
[SourceVersionDate "1998.11.16"]
[SourceQuality "1"]

1. e4 d6 2. d4 c6 3. Nc3 Qc7 4. a4 e5 5. Nf3 Bg4 6. Be2 Nf6 7. O-O Be7 8. Be3
O-O 9. Nd2 Bxe2 10. Qxe2 Na6 11. a5 Nb4 12. dxe5 dxe5 13. Nc4 Nd7 14. Na4 Na6
15. c3 Nac5 16. Nxc5 Bxc5 17. Rad1 Bxe3 18. Qxe3 b5 19. axb6 Nxb6 20. Nd6 Rfd8
21. Nf5 f6 22. Qc5 Kf7 23. g3 g6 24. Ne3 Rac8 25. b4 Qe7 26. Qa5 Rc7 27. Rxd8
Qxd8 28. c4 Rd7 29. c5 Nc8 30. Qa2+ Kg7 31. Qe6 Qc7 32. Ng4 Rf7 33. Rd1 h5 34.
Nxf6 Rxf6 35. Rd7+ Kh6 36. Qe8 Qb8 37. h4 Nb6 38. Qxb8 Nxd7 39. Qh8# 1-0

[Event "Yerevan"]
[Site "Yerevan"]
[Date "1976.03.20"]
[Round "2"]
[White "Savon, Vladimir A"]
[Black "Ostojic, Predrag"]
[Result "1-0"]
[WhiteElo "2545"]
[BlackElo "2495"]
[PlyCount "115"]
[EventDate "1976.03.19"]
[EventType "tourn"]
[EventRounds "15"]
[EventCountry "URS"]
[SourceTitle "EXT 1999"]
[Source "ChessBase"]
[SourceDate "1998.11.16"]
[SourceVersion "1"]
[SourceVersionDate "1998.11.16"]
[SourceQuality "1"]

1. e4 c5 2. Nf3 e6 3. d4 cxd4 4. Nxd4 Nf6 5. Nc3 Nc6 6. Ndb5 d6 7. Bf4 e5 8.
Bg5 a6 9. Na3 b5 10. Nab1 Be7 11. Bxf6 Bxf6 12. a4 b4 13. Nd5 O-O 14. Bc4 Be6
15. O-O Bg5 16. Nd2 Na5 17. Ba2 Qb8 18. Nc4 Nxc4 19. Bxc4 a5 20. Qd3 Kh8 21.
Rad1 f5 22. exf5 Bxf5 23. Qe2 Ra7 24. Bd3 g6 25. Bxf5 gxf5 26. f4 Bd8 27. Kh1
Rg7 28. Ne3 exf4 29. Nd5 Bg5 30. Nxf4 Re7 31. Qd3 Re4 32. Nh5 Qe8 33. Qxd6 Be7
34. Qh6 Qg6 35. Qxg6 hxg6 36. Nf4 Kh7 37. g3 Kh6 38. Kg2 Bc5 39. Rfe1 g5 40.
Ne6 Rxe1 41. Rxe1 Re8 42. Re2 Ba7 43. Kf3 Rc8 44. h4 gxh4 45. gxh4 b3 46. cxb3
Rb8 47. Kf4 Rxb3 48. Kxf5 Rb4 49. Rg2 Bb8 50. Rg8 Kh7 51. Rd8 Bg3 52. Ng5+ Kh6
53. Ne4 Be1 54. Rd1 Bxh4 55. Rh1 Kh5 56. b3 Rd4 57. Ng3+ Kh6 58. Ne2 1-0

[Event "Yerevan"]
[Site "Yerevan"]
[Date "1976.03.23"]
[Round "5"]
[White "Ornstein, Axel"]
[Black "Savon, Vladimir A"]
[Result "0-1"]
[WhiteElo "2470"]
[BlackElo "2545"]
[PlyCount "80"]
[EventDate "1976.03.19"]
[EventType "tourn"]
[EventRounds "15"]
[EventCountry "URS"]
[SourceTitle "EXT 1999"]
[Source "ChessBase"]
[SourceDate "1998.11.16"]
[SourceVersion "1"]
[SourceVersionDate "1998.11.16"]
[SourceQuality "1"]

1. Nf3 Nf6 2. c4 g6 3. Nc3 Bg7 4. e4 d6 5. d4 O-O 6. Be2 e5 7. Be3 Qe7 8. d5
Nbd7 9. Nd2 a5 10. O-O Ne8 11. Qc2 Nc5 12. a3 f5 13. b4 $1 Na6 14. f3 axb4 15.
axb4 Nxb4 16. Qb3 Na6 17. c5 Kh8 18. c6 bxc6 19. Qc4 $1 c5 20. Ra5 Bf6 21. Rfa1
Bg5 22. Nd1 Rb8 23. Rxa6 Bxa6 24. Qxa6 Ng7 25. Qd3 Nh5 26. g3 f4 27. Bf2 fxg3
28. hxg3 Bf4 29. Nf1 $14 Qg5 30. Kh2 Qh6 31. Kg2 Qg5 32. Qc3 Rb4 33. Nde3 $2 (
33. Ra7 Bc1 34. Kh1 Qh6 35. Nh2 Rc8 36. Qa1 $16) 33... Bxe3 34. Bxe3 Nf4+ $11
35. Kf2 (35. Bxf4 Rxf4 36. Qe3 (36. Ra8+ Kg7 37. Ra7 Rf7 38. Nd2 h5) 36... h6
37. Qc3 Rf8 38. Nd2 h5 39. f4 Qf6 40. f5 gxf5 41. Rh1 f4 42. Rxh5+ Kg7 43. Nf3
fxg3 (43... Rxe4 44. Qc2 Rxe2+ 45. Qxe2 fxg3 46. Qe4) 44. Qe1) 35... Nxe2 36.
Kxe2 Qh5 37. Nd2 Qh2+ 38. Bf2 Rd4 39. Nb3 $4 (39. Qe3 Qg2 40. Ra3) 39... Rxe4+
40. fxe4 Rxf2+ 0-1

[Event "ZSK International-17 Odessa"]
[Site "Odessa"]
[Date "1976.07.31"]
[Round "1"]
[White "Savon, Vladimir A"]
[Black "Lutikov, Anatoly S"]
[Result "1-0"]
[WhiteElo "2545"]
[BlackElo "2500"]
[PlyCount "79"]
[EventDate "1976.07.31"]
[EventType "tourn"]
[EventRounds "15"]
[EventCountry "URS"]
[SourceTitle "EXT 1998"]
[Source "ChessBase"]
[SourceDate "1997.11.17"]
[SourceVersion "1"]
[SourceVersionDate "1997.11.17"]
[SourceQuality "1"]

1. e4 c5 2. Nf3 Nc6 3. d4 cxd4 4. Nxd4 Nf6 5. Nc3 e5 6. Ndb5 d6 7. Bg5 a6 8.
Na3 b5 9. Nd5 Be7 10. Bxf6 Bxf6 11. c3 Rb8 12. Nc2 a5 13. a4 bxa4 14. Nce3 O-O
15. Qxa4 Ne7 16. b3 Nxd5 17. Nxd5 Bb7 18. Bc4 Bg5 19. Ra2 Qc8 20. O-O Kh8 21.
Rd1 f5 22. exf5 Qxf5 23. Bd3 Qf7 24. Be4 Qh5 25. Rd3 Ba6 26. Rf3 Rxf3 27. Bxf3
Qg6 28. Be4 Qh5 29. f3 Bd8 30. Qc6 Bb7 31. Qxd6 Qe8 32. Rd2 Bg5 33. Rd3 a4 34.
bxa4 Bxd5 35. Rxd5 Rc8 36. Qxe5 Be3+ 37. Kf1 Qxa4 38. Qf5 Qa1+ 39. Ke2 Qb2+ 40.
Bc2 1-0

[Event "ZSK International-17 Odessa"]
[Site "Odessa"]
[Date "1976.08.??"]
[Round "3"]
[White "Savon, Vladimir A"]
[Black "Alburt, Lev O"]
[Result "1-0"]
[WhiteElo "2545"]
[BlackElo "2520"]
[PlyCount "59"]
[EventDate "1976.07.31"]
[EventType "tourn"]
[EventRounds "15"]
[EventCountry "URS"]
[SourceTitle "EXT 1998"]
[Source "ChessBase"]
[SourceDate "1997.11.17"]
[SourceVersion "1"]
[SourceVersionDate "1997.11.17"]
[SourceQuality "1"]

1. e4 Nf6 2. e5 Nd5 3. d4 d6 4. Nf3 Bg4 5. Be2 e6 6. O-O Be7 7. h3 Bf5 8. c4
Nb4 9. exd6 Qxd6 10. Nc3 O-O 11. Nb5 Qd7 12. Bf4 N4a6 13. d5 exd5 14. Ne5 Qd8
15. cxd5 Nd7 16. Rc1 Nb6 17. Nd4 Qc8 18. Bxa6 bxa6 19. Nec6 Bf6 20. d6 Nd5 21.
Be5 Be6 22. Bxf6 gxf6 23. Ne7+ Nxe7 24. Rxc7 Nd5 25. Rxc8 Raxc8 26. Nxe6 fxe6
27. Re1 Rce8 28. Rxe6 Rxe6 29. Qxd5 Kf7 30. f4 1-0

[Event "ZSK International-17 Odessa"]
[Site "Odessa"]
[Date "1976.08.??"]
[Round "12"]
[White "Savon, Vladimir A"]
[Black "Ignatiev, Felix N"]
[Result "1-0"]
[WhiteElo "2545"]
[BlackElo "2415"]
[PlyCount "81"]
[EventDate "1976.07.31"]
[EventType "tourn"]
[EventRounds "15"]
[EventCountry "URS"]
[SourceTitle "EXT 1998"]
[Source "ChessBase"]
[SourceDate "1997.11.17"]
[SourceVersion "1"]
[SourceVersionDate "1997.11.17"]
[SourceQuality "1"]

1. e4 c5 2. Nf3 e6 3. d4 cxd4 4. Nxd4 a6 5. Bd3 Nf6 6. O-O Qc7 7. c4 Nc6 8.
Nxc6 bxc6 9. Nc3 Bb4 10. Qe2 d6 11. Na4 c5 12. a3 Ba5 13. Rb1 Rb8 14. f4 Bd7
15. Bc2 Bc6 16. e5 dxe5 17. fxe5 Nd7 18. Bf4 O-O 19. Rbd1 Rb7 20. Rd3 Rfb8 21.
Rh3 g6 22. b3 Bxa4 23. bxa4 Rb2 24. Qf2 Nf8 25. Bc1 Rxc2 26. Qxc2 Qxe5 27. Bf4
Qd4+ 28. Be3 Qd6 29. Qf2 f5 30. Bxc5 Qc6 31. Kh1 Qxa4 32. Bxf8 Rxf8 33. Qa7 Rf7
34. Qxa6 e5 35. Qc8+ Kg7 36. Qe6 e4 37. Rxh7+ Kxh7 38. Qxf7+ Kh6 39. Qf8+ Kh7
40. Qf7+ Kh6 41. Qf8+ 1-0

[Event "ZSK International-17 Odessa"]
[Site "Odessa"]
[Date "1976.08.??"]
[Round "14"]
[White "Savon, Vladimir A"]
[Black "Tarjan, James Edward"]
[Result "1-0"]
[WhiteElo "2545"]
[BlackElo "2490"]
[PlyCount "93"]
[EventDate "1976.07.31"]
[EventType "tourn"]
[EventRounds "15"]
[EventCountry "URS"]
[SourceTitle "EXT 1998"]
[Source "ChessBase"]
[SourceDate "1997.11.17"]
[SourceVersion "1"]
[SourceVersionDate "1997.11.17"]
[SourceQuality "1"]

1. Nf3 f5 2. d4 Nf6 3. Bg5 Ne4 4. Bf4 e6 5. Nbd2 b6 6. Nxe4 fxe4 7. Nd2 Bb7 8.
e3 d6 9. Qh5+ g6 10. Qg4 Qf6 11. Bc4 Kd7 12. d5 Qf5 13. dxe6+ Ke8 14. Qxf5 gxf5
15. Nb3 Bg7 16. Nd4 Bxd4 17. exd4 d5 18. Be2 Ke7 19. g4 Kxe6 20. Bxc7 Rc8 21.
gxf5+ Kxf5 22. Bxb8 Raxb8 23. Kd2 Kf4 24. Rag1 Rg8 25. Rg3 Rg6 26. Rh3 h6 27.
Rh4+ Kf5 28. Ke3 Rh8 29. Rh3 Rg5 30. Rg3 Bc8 31. h4 Rxg3+ 32. fxg3 Rg8 33. g4+
Kf6 34. Rf1+ Ke7 35. Rg1 Kf6 36. c4 Be6 37. b3 Rc8 38. Rc1 Rc7 39. Kf4 Bf7 40.
c5 bxc5 41. Rxc5 Rxc5 42. dxc5 Bg6 43. g5+ hxg5+ 44. hxg5+ Ke7 45. Ke5 Bf7 46.
Bg4 e3 47. Kd4 1-0

[Event "Minsk Sokolsky Memorial-07"]
[Site "Minsk"]
[Date "1976.12.??"]
[Round "?"]
[White "Savon, Vladimir A"]
[Black "Begun, Sergei M"]
[Result "1-0"]
[WhiteElo "2545"]
[BlackElo "2440"]
[PlyCount "77"]
[EventDate "1976.12.13"]
[EventType "tourn"]
[EventRounds "15"]
[EventCountry "URS"]
[SourceTitle "EXT 2002"]
[Source "ChessBase"]
[SourceDate "2001.11.25"]
[SourceVersion "1"]
[SourceVersionDate "2001.11.25"]
[SourceQuality "1"]

1. e4 e6 2. d4 d5 3. Nd2 Be7 4. c3 dxe4 5. Nxe4 Nf6 6. Nxf6+ Bxf6 7. Nf3 Nd7 8.
Bf4 O-O 9. Qc2 e5 10. dxe5 Nxe5 11. Bxe5 Re8 12. Qe4 g6 13. Qd4 Qe7 14. O-O-O
Bxe5 15. Qxe5 Qxe5 16. Nxe5 Rxe5 17. Rd8+ Kg7 18. Bc4 Re7 19. Bd5 a5 20. f4 a4
21. Bf3 a3 22. bxa3 c6 23. Kb2 Rc7 24. Re1 Ra5 25. Re5 Rxe5 26. fxe5 Be6 27. a4
Re7 28. Rd4 Bc8 29. Re4 g5 30. Ka3 c5 31. a5 Kg6 32. g4 f5 33. exf6 Kxf6 34.
Rxe7 Kxe7 35. Kb3 Kd6 36. Kc4 Bd7 37. h3 Be6+ 38. Kb5 Kc7 39. c4 1-0

[Event "Minsk Sokolsky Memorial-07"]
[Site "Minsk"]
[Date "1976.12.??"]
[Round "?"]
[White "Savon, Vladimir A"]
[Black "Kapengut, Albert Z"]
[Result "1-0"]
[WhiteElo "2545"]
[BlackElo "2460"]
[PlyCount "59"]
[EventDate "1976.12.13"]
[EventType "tourn"]
[EventRounds "15"]
[EventCountry "URS"]
[SourceTitle "EXT 2018"]
[Source "ChessBase"]
[SourceDate "2017.10.13"]
[SourceVersion "1"]
[SourceVersionDate "2017.10.13"]
[SourceQuality "1"]

1. e4 c5 2. Nf3 e6 3. d4 cxd4 4. Nxd4 Nf6 5. Nc3 d6 6. g4 Nc6 7. g5 Nd7 8. Be3
Nde5 9. Be2 h6 10. gxh6 g5 11. Qd2 Nxd4 12. Qxd4 Rxh6 13. O-O-O Bd7 14. Nb5
Bxb5 15. Bxb5+ Nc6 16. Qa4 Kd7 17. e5 Rh4 18. c4 a6 19. Bxc6+ bxc6 20. Rxd6+
Bxd6 21. Rd1 Qc7 22. Rxd6+ Ke8 23. Bxg5 Rxh2 24. c5 Rb8 25. Bf6 Kf8 26. b3 a5
27. Qg4 Rh7 28. Rd1 Qa7 29. Qd4 Rh6 30. Qd8+ 1-0

[Event "Lublin"]
[Site "Lublin"]
[Date "1977.??.??"]
[Round "10"]
[White "Savon, Vladimir A"]
[Black "Castro Rojas, Oscar Humberto"]
[Result "1-0"]
[WhiteElo "2540"]
[BlackElo "2410"]
[PlyCount "50"]
[EventDate "1977.??.??"]
[EventType "tourn"]
[EventRounds "13"]
[EventCountry "POL"]
[EventCategory "7"]
[SourceTitle "MCD"]
[Source "ChessBase"]
[SourceDate "1999.07.01"]
[SourceVersion "1"]
[SourceVersionDate "1999.07.01"]
[SourceQuality "1"]

1. e4 Nc6 2. Nf3 d6 3. d4 Bg4 4. c3 e5 5. Bb5 Nge7 6. O-O a6 7. Ba4 Ng6 8. d5
b5 9. Bc2 Nce7 10. h3 Bd7 11. a4 f6 12. axb5 axb5 13. Rxa8 Qxa8 14. Na3 Qb7 15.
Bd3 Nc8 16. Qb3 Na7 17. Be3 Be7 18. Bxa7 Qxa7 19. Bxb5 Bxb5 20. Qxb5+ Kf7 21.
g3 Rb8 22. Qe2 Bf8 23. Ra1 Qb7 24. Nc4 Kg8 25. b4 f5 1-0

[Event "Kiev"]
[Site "Kiev"]
[Date "1978.06.09"]
[Round "6"]
[White "Romanishin, Oleg M"]
[Black "Savon, Vladimir A"]
[Result "0-1"]
[WhiteElo "2610"]
[BlackElo "2560"]
[PlyCount "66"]
[EventDate "1978.06.??"]
[EventType "tourn"]
[EventRounds "15"]
[EventCountry "URS"]
[EventCategory "10"]
[SourceTitle "EXT 2000"]
[Source "ChessBase"]
[SourceDate "1999.11.16"]
[SourceVersion "1"]
[SourceVersionDate "1999.11.16"]
[SourceQuality "1"]

1. e4 c5 2. Nf3 d6 3. Nc3 Nf6 4. g3 Nc6 5. Bg2 e5 6. O-O Be7 7. d3 O-O 8. h3
Rb8 9. Nh2 b5 10. Ng4 Bxg4 11. hxg4 b4 12. Nd5 Nxd5 13. exd5 Nd4 14. c3 Nb5 15.
Bd2 Bg5 16. Be1 bxc3 17. bxc3 Qc8 18. Qa4 Rb6 19. Rb1 Qb7 20. Rb3 g6 21. f4
exf4 22. gxf4 Bf6 23. Bd2 Rb8 24. Qe4 Qd7 25. g5 Bg7 26. Re1 Nc7 27. Qe7 Qxe7
28. Rxe7 Rxb3 29. axb3 Nb5 30. d4 cxd4 31. c4 Nc3 32. Rxa7 d3 33. Ra2 Nxa2 0-1

[Event "UKR Spartakiad 7th"]
[Site "Sumi"]
[Date "1979.03.??"]
[Round "?"]
[White "Savon, Vladimir A"]
[Black "Anikaev, Yuri N"]
[Result "1-0"]
[WhiteElo "2550"]
[BlackElo "2455"]
[PlyCount "99"]
[EventDate "1979.03.10"]
[EventType "team-tourn"]
[EventRounds "9"]
[EventCountry "UKR"]
[SourceTitle "EXT 2011"]
[Source "ChessBase"]
[SourceDate "2010.11.26"]
[SourceVersion "1"]
[SourceVersionDate "2010.11.26"]
[SourceQuality "1"]

1. c4 e5 2. Nc3 Nf6 3. Nf3 Nc6 4. e3 Bb4 5. Qc2 a5 6. Be2 O-O 7. O-O Bxc3 8.
Qxc3 d6 9. b3 Ne4 10. Qc2 Bf5 11. d3 Nc5 12. Qd1 Qe7 13. d4 Nd7 14. d5 Ncb8 15.
Bb2 Nc5 16. a3 b6 17. b4 Nb7 18. Nd2 Nd7 19. Bc3 Bg6 20. e4 f5 21. exf5 Bxf5
22. Bg4 Bd3 23. Re1 Nd8 24. Re3 Bf5 25. Bxf5 Rxf5 26. Ne4 Nf7 27. Bd2 Nh8 28.
bxa5 bxa5 29. Rf3 Rxf3 30. Qxf3 Nf7 31. Rb1 Nb6 32. c5 dxc5 33. d6 Qd8 34. dxc7
Qxc7 35. Be3 Rb8 36. Bxc5 Nd7 37. Rxb8+ Qxb8 38. g3 Qb1+ 39. Kg2 Qb5 40. Be3
Qd5 41. Nc5 Nf6 42. Qxd5 Nxd5 43. Bd2 Nd6 44. Bxa5 Nc4 45. Bb4 Kf7 46. Kf3 Nxb4
47. axb4 Nd6 48. Ke3 Ke7 49. Kd3 h5 50. Ne4 1-0

[Event "URS-chT Republics 14th Group1"]
[Site "Moscow"]
[Date "1979.07.??"]
[Round "4"]
[White "Mikenas, Vladas Ivanovich"]
[Black "Savon, Vladimir A"]
[Result "0-1"]
[WhiteElo "2405"]
[BlackElo "2550"]
[PlyCount "108"]
[EventDate "1979.07.10"]
[EventType "team-tourn"]
[EventRounds "5"]
[EventCountry "URS"]
[SourceTitle "EXT 2020"]
[Source "ChessBase"]
[SourceDate "2019.10.17"]
[SourceVersion "1"]
[SourceVersionDate "2019.10.17"]
[SourceQuality "1"]
[WhiteTeam "Lithunia"]
[BlackTeam "Ukraine"]
[WhiteTeamCountry "LTU"]
[BlackTeamCountry "UKR"]

1. d4 Nf6 2. c4 e6 3. Nc3 Bb4 4. e3 b6 5. Nge2 Ne4 6. Qc2 Bb7 7. f3 Nxc3 8.
Nxc3 Qh4+ 9. Qf2 Bxc3+ 10. bxc3 Qxf2+ 11. Kxf2 Ba6 12. Ba3 d6 13. c5 Bxf1 14.
Rhxf1 Kd7 15. Rfd1 d5 16. e4 b5 17. Rab1 a6 18. Re1 Nc6 19. Re2 Na5 20. exd5
exd5 21. Rbe1 Nc6 22. Ke3 Rae8+ 23. Kd3 Rxe2 24. Rxe2 h5 25. Bc1 f6 26. h3 g5
27. Bd2 a5 28. a3 a4 29. Bc1 Na5 30. Kc2 Rg8 31. Re1 Nc4 32. Kd3 f5 33. Ke2
Re8+ 34. Kf2 Rxe1 35. Kxe1 f4 36. Ke2 Ke6 37. Kf2 Kf5 38. g4+ fxg3+ 39. Kxg3
Na5 40. h4 gxh4+ 41. Kxh4 Nb3 42. Be3 Na1 43. Bc1 Nc2 44. Kxh5 Ne1 45. Kh6 Nxf3
46. Kg7 Ke4 47. Kf6 Kd3 48. Bb2 Kc2 49. Ba1 Kb1 50. Ke6 Kxa1 51. Kxd5 Kb2 52.
Kc6 Kxc3 53. d5 Kc4 54. Kxc7 Kxc5 0-1

[Event "URS-chT Cup 11th"]
[Site "Rostov on Don"]
[Date "1980.05.??"]
[Round "7.3"]
[White "Savon, Vladimir A"]
[Black "Popov, Nikolay"]
[Result "1-0"]
[WhiteElo "2510"]
[BlackElo "2425"]
[PlyCount "115"]
[EventDate "1980.05.23"]
[EventType "team-tourn"]
[EventRounds "7"]
[EventCountry "URS"]
[SourceTitle "EXT 2020"]
[Source "ChessBase"]
[SourceDate "2019.10.17"]
[SourceVersion "1"]
[SourceVersionDate "2019.10.17"]
[SourceQuality "1"]
[WhiteTeam "Avangard"]
[BlackTeam "Lokomotiv"]
[WhiteTeamCountry "URS"]
[BlackTeamCountry "URS"]

1. e4 c5 2. Nf3 e6 3. Nc3 d6 4. d4 cxd4 5. Nxd4 Nc6 6. Bc4 Nf6 7. O-O a6 8. a4
Be7 9. Kh1 O-O 10. Ba2 Qb6 11. Nde2 Bd7 12. Be3 Qc7 13. f4 Rab8 14. Nd4 Nxd4
15. Bxd4 Bc6 16. Qe1 b5 17. axb5 axb5 18. e5 Nd7 19. exd6 Bxd6 20. Qg3 e5 21.
fxe5 Nxe5 22. Nd5 Bxd5 23. Bxd5 Ng6 24. Qb3 Qd7 25. Ra7 Bc7 26. Rxf7 Rxf7 27.
Bxf7+ Kh8 28. Qc3 Qxf7 29. Rxc7 Qf1+ 30. Bg1 Rg8 31. Qd3 Qf4 32. Rb7 Re8 33.
Qxb5 Re1 34. Rb8+ Nf8 35. Qb4 Qxb4 36. Rxb4 g5 37. h4 gxh4 38. Rxh4 Ng6 39. Rb4
Kg8 40. Kh2 Re2 41. c3 Ne5 42. Kg3 Nd3 43. Rb8+ Kf7 44. b4 Ne1 45. Bf2 Nd3 46.
Bd4 Ne1 47. b5 Rxg2+ 48. Kf4 Ke7 49. b6 Kd7 50. Rb7+ Kd6 51. Rxh7 Nd3+ 52. Ke3
Nc5 53. Rh6+ Ne6 54. Kd3 Rb2 55. Kc4 Rb1 56. Bc5+ Kd7 57. Bb4 Nd8 58. Kb5 1-0

[Event "Yerevan"]
[Site "Yerevan"]
[Date "1982.04.03"]
[Round "2"]
[White "Abramovic, Bosko"]
[Black "Savon, Vladimir A"]
[Result "0-1"]
[WhiteElo "2445"]
[BlackElo "2485"]
[PlyCount "82"]
[EventDate "1982.04.01"]
[EventType "tourn"]
[EventRounds "15"]
[EventCountry "URS"]
[EventCategory "9"]
[SourceTitle "MCD"]
[Source "ChessBase"]
[SourceDate "1999.07.01"]
[SourceVersion "1"]
[SourceVersionDate "1999.07.01"]
[SourceQuality "1"]

1. e4 c5 2. Nf3 d6 3. d4 cxd4 4. Nxd4 Nf6 5. Nc3 a6 6. Be2 e5 7. Nb3 Be7 8. Bg5
Be6 9. Bxf6 Bxf6 10. Nd5 Nd7 11. O-O O-O 12. Bg4 Bg5 13. Bxe6 fxe6 14. Nc3 Nb6
15. Na5 Qd7 16. Qe2 Rac8 17. Rad1 Be7 18. Rd3 Na4 19. Nd1 Qc7 20. Qg4 Rf6 21.
Rg3 Bf8 22. Nb3 Qxc2 23. Ne3 Qc7 24. Qe2 Rf4 25. f3 Rf7 26. h4 Qb6 27. Kh2 Nc5
28. Ng4 Kh8 29. Qc4 Qb5 30. Qxb5 axb5 31. Rc1 Rfc7 32. Nf2 Nxb3 33. Rxc7 Rxc7
34. axb3 g6 35. Nd3 Bh6 36. h5 Kg7 37. hxg6 hxg6 38. Kh3 Rc2 39. Kg4 Re2 40. b4
Kf6 41. Kh4 Rd2 0-1